La compensación económica por divorcio o nulidad matrimonial

Guardat en:
Dades bibliogràfiques
Autors principals: Pizarro Wilson, Carlos (Autor), Vidal Olivares, Alvaro (Autor)
Format: Llibre
Idioma:espanyol
Publicat: Santiago Legal Publishing 2011
Edició:4a. ed
Matèries:
Etiquetes: Afegir etiqueta
Sense etiquetes, Sigues el primer a etiquetar aquest registre!

MARC

LEADER 00000cam a2200000 a 4500
001 UCG8103
003 CL-VaPUC
008 111118e20110800CL |||||||||||||||||spa|d
020 |a 9789562388368 
082 0 4 |a 346.0166  |b PIZ  |2 21 
100 0 |a Pizarro Wilson, Carlos  |e author  |9 558674 
700 0 |a Vidal Olivares, Alvaro  |e author  |9 558675 
245 1 3 |a La compensación económica por divorcio o nulidad matrimonial 
250 |a 4a. ed 
300 |a 157 p 
942 |c BK 
945 |d 20111118 00:00:00  |a dcastane 
260 |a Santiago  |b Legal Publishing  |c 2011 
650 0 |a Nulidad Derecho  |9 256153 
650 0 |a Procedimiento civil  |9 254870 
650 0 |a Actos jurídicos  |9 255748 
650 0 |a Separación conyugal  |9 257481 
650 0 |a Divorcio  |9 256204 
650 0 |a Nulidad matrimonial  |9 399857 
650 0 |a Compensación económica  |9 522559 
583 |a last modification  |c 20111118 11:09:00  |k Rodrigo Vera 
999 |c 345740  |d 345738 
952 |0 0  |1 0  |4 0  |6 346_016600000000000_PIZ_2011  |7 0  |8 A  |9 445567  |a BIBDER  |b BIBDER  |d 2019-11-22  |i 480421K  |o 346.0166 PIZ 2011  |p 480421K  |r 2023-01-25  |w 2019-11-22  |y BK  |k DER 
952 |0 0  |1 0  |4 0  |6 346_016600000000000_PIZ_2011  |7 0  |8 A  |9 445568  |a BIBDER  |b BIBDER  |d 2019-11-22  |i 4804228  |o 346.0166 PIZ 2011  |p 4804228  |r 2023-01-25  |w 2019-11-22  |y BK  |k DER